| 000 | 00745nac a22002051u 4500 | ||
|---|---|---|---|
| 010 | _a 00037543 | ||
| 020 | _a0881733202 | ||
| 082 | 0 | 0 |
_a621.381 _bP3142 |
| 090 |
_c4110 _d4110 |
||
| 100 | _aPatrick, Dale R. | ||
| 245 | 1 | 0 |
_aIndustrial electronics : _bdevices and systems. / _cDale R. Patrick and Stephen W. Fardo. |
| 250 | _a2nd ed. | ||
| 260 |
_aLilburn, GA : _bFairmont Press, _c2000. |
||
| 300 |
_aix, 671 p. : _bill. ; _c26 cm. |
||
| 500 | _aIncludes index. | ||
| 650 | 0 | _aIndustrial electronics. | |
| 700 | 1 | _aFardo, Stephen W. | |
| 942 |
_cBB _k621.381P3142 |
||
| 999 |
_c4110 _d4110 |
||